000 00652nam a22001817a 4500
005 20150213120652.0
010 _aENG-112065
020 _a9789351433187
_c1099.00
035 _aEN-95597
037 _bDBAD/PUB
082 _a000
245 _aGeneral studies (Paper-I) civil services (Mains) examination :
_bIndian heritage and culture, history and geography of the world and society /
260 _aGurgaon
_bLexisNexis
_c2015
270 _a14th Floor, Bldg. No.10, Tower-B, DLF Cyber City, Phase-II
_bGurgaon
_e122002
300 _avarious pagings
_b22cm(pbk)
490 _aCATAPULT test prep series
942 _2ddc
_cEN
_mGEN
_h000
999 _c91149
_d91149